[Event "SG Niederkassel 1 - SV Bergneustadt/Der"]
[Site "NRW-Liga - Gruppe 1 2019/2020"]
[Date "2019.12.15"]
[Round "4.4"]
[White "Stanetzek, Carsten"]
[Black "Chlechowitz, Frank"]
[Result "1/2-1/2"]
[WhiteElo "2132"]
[BlackElo "2138"]
[Annotator "Daniel"]
[PlyCount "76"]
[EventDate "2019.??.??"]
[SourceVersionDate "2020.03.16"]
[WhiteTeam "SG Niederkassel 1"]
[BlackTeam "SV Bergneustadt/Derschlag 1"]

1. e4 e6 2. d4 d5 3. exd5 exd5 4. Nf3 Nf6 5. Bd3 Bd6 6. Qe2+ Qe7 7. Qxe7+ Kxe7
8. O-O Re8 9. Nc3 c6 10. Re1+ Kf8 11. Rxe8+ Kxe8 12. Bd2 h6 13. Re1+ Kf8 14.
Nh4 b6 15. Nf5 Bxf5 16. Bxf5 Na6 17. f3 Re8 18. Ne2 Nc7 19. Kf2 Ne6 20. g3 Re7
21. a4 Ne8 22. b3 N8c7 $11 23. c3 Re8 24. h4 h5 25. Bd3 g6 26. g4 Ng7 27. c4
Be7 28. g5 Bd6 29. Rc1 c5 30. cxd5 Nxd5 31. Be4 Ne7 32. d5 Ngf5 33. Bf4 Rd8 34.
Rh1 Ke8 35. Bc1 Be5 36. Bf4 Bd6 37. Bc1 Be5 38. Bf4 Bd6 1/2-1/2

[Event "SG Niederkassel 1 - SV Bergneustadt/Der"]
[Site "NRW-Liga - Gruppe 1 2019/2020"]
[Date "2019.12.15"]
[Round "4.5"]
[White "Wang, Andre"]
[Black "Mauelshagen, Martin"]
[Result "0-1"]
[WhiteElo "2004"]
[BlackElo "2105"]
[Annotator "Daniel"]
[PlyCount "114"]
[EventDate "2019.??.??"]
[SourceVersionDate "2020.03.16"]
[WhiteTeam "SV Bergneustadt/Derschlag 1"]
[BlackTeam "SG Niederkassel 1"]

1. d4 Nf6 2. Nf3 e6 3. Bf4 d5 4. e3 Bd6 5. Bg3 Bxg3 6. hxg3 b6 7. Nbd2 c5 8.
Ne5 Nbd7 9. Ndf3 Ne4 10. Bb5 a6 11. Bc6 Ra7 12. Qe2 Ke7 13. Nxd7 Bxd7 14. Ne5
Be8 15. Qg4 Kf8 16. f3 Nf6 17. Qf4 Qc7 18. Bxe8 Kxe8 19. O-O-O c4 20. c3 Rf8
21. g4 h6 22. g5 Ng8 23. gxh6 Nxh6 24. Qg5 f6 25. Qg6+ Kd8 26. Ng4 Qf7 27. Qxf7
Nxf7 28. Rh7 Ng5 29. Rh5 b5 30. Rdh1 a5 31. Rh8 Raf7 $11 32. Kc2 Ke7 33. a4 b4
34. cxb4 axb4 35. b3 Kd6 36. R1h5 Rxh8 37. Rxh8 Rb7 38. Rc8 c3 39. Nf2 e5 40.
Rd8+ Kc6 41. Nd3 exd4 42. exd4 Ne6 43. Nxb4+ Rxb4 44. Rc8+ Kd7 45. Ra8 Nxd4+
46. Kxc3 Nc6 47. Rg8 g5 48. Rg7+ Ke6 49. Rc7 d4+ 50. Kc2 Na5 51. Ra7 Nxb3 52.
a5 Nc5 53. Rc7 Kd5 54. Rf7 Kc4 55. Rxf6 d3+ 56. Kc1 Kc3 57. Rc6 d2+ 0-1

[Event "SG Niederkassel 1 - SV Bergneustadt/Der"]
[Site "NRW-Liga - Gruppe 1 2019/2020"]
[Date "2019.12.15"]
[Round "4.6"]
[White "Broehl, Stephan"]
[Black "Michalik, Friedhelm"]
[Result "0-1"]
[WhiteElo "2093"]
[BlackElo "2007"]
[PlyCount "64"]
[EventDate "2019.??.??"]
[SourceVersionDate "2020.03.16"]
[WhiteTeam "SG Niederkassel 1"]
[BlackTeam "SV Bergneustadt/Derschlag 1"]

1. e4 c5 2. Nf3 g6 3. c3 Bg7 4. d4 cxd4 5. cxd4 d5 6. e5 Bg4 7. Bb5+ Nc6 8.
Bxc6+ bxc6 9. Nbd2 e6 10. O-O Ne7 11. h3 Bxf3 12. Nxf3 O-O 13. b3 f6 14. Ba3
fxe5 15. Nxe5 Bxe5 16. dxe5 Rf5 17. Qd4 g5 18. Rac1 Ng6 19. Rxc6 Nf4 20. Rc2 g4
21. Bc1 Qg5 22. Bxf4 Rxf4 23. Qe3 Raf8 24. g3 gxh3 25. Kh2 Qg6 26. Rfc1 Rf3 27.
Qxa7 Qe4 28. Rc8 d4 29. Rxf8+ Rxf8 30. Kxh3 Qf5+ 31. Kh4 Qxf2 32. Rc7 Rf4+ 0-1

[Event "SG Niederkassel 1 - SV Bergneustadt/Der"]
[Site "NRW-Liga - Gruppe 1 2019/2020"]
[Date "2019.12.15"]
[Round "4.7"]
[White "Linnenborn, Guido"]
[Black "Schnellbacher, Jan Eric"]
[Result "1-0"]
[WhiteElo "1860"]
[BlackElo "1916"]
[Annotator "Daniel"]
[PlyCount "125"]
[EventDate "2019.??.??"]
[SourceVersionDate "2020.03.16"]
[WhiteTeam "SV Bergneustadt/Derschlag 1"]
[BlackTeam "SG Niederkassel 1"]

1. c4 e5 2. Nc3 Nc6 3. Nf3 g6 4. d4 exd4 5. Nd5 h6 6. Nxd4 Bg7 7. Nb5 Be5 8. f4
a6 9. fxe5 axb5 10. cxb5 Nce7 11. Nc3 Nf5 $11 12. Qd3 Qe7 13. Nd5 Qd8 14. e4
Ng7 15. Be2 c6 16. Nc3 Qe7 17. Qd6 Ne6 18. O-O f6 19. Qxe7+ Kxe7 20. exf6+ Nxf6
21. e5 Ne8 22. Be3 d5 23. exd6+ Nxd6 24. Bd3 cxb5 25. Nd5+ Kd8 26. Bxg6 Nc4 27.
Bb6+ Kd7 28. b3 Ne5 29. Be4 Ng5 30. Nf6+ Ke6 31. Bd5+ Kd6 32. Rad1 Rxa2 33.
Bxb7+ Ke6 34. Bd5+ Kd6 35. Ne4+ Ke7 36. Nxg5 hxg5 37. Rfe1 Kf6 38. Bd4 Re8 39.
Bc6 Re7 40. Bxb5 Ra5 41. Bc4 Bg4 42. Ra1 Rxa1 43. Bxa1 Kf5 44. Bxe5 Rxe5 45.
Rxe5+ Kxe5 46. Kf2 Kf4 47. Bd3 Bd7 48. h3 Bc6 49. Be2 Be8 50. Bf3 Bb5 51. g3+
Kf5 52. Bg2 Ke5 53. Ke3 Ba6 54. Bc6 Bf1 55. Bd7 Kd6 56. Bg4 Ke5 57. Bc8 Bb5 58.
Kf3 Bc6+ 59. Kg4 Kf6 60. h4 gxh4 61. Kxh4 Kg6 62. Kg4 Bb5 63. Kf4 1-0

[Event "SG Niederkassel 1 - SV Bergneustadt/Der"]
[Site "NRW-Liga - Gruppe 1 2019/2020"]
[Date "2019.12.15"]
[Round "4.8"]
[White "Kuhn, Andreas"]
[Black "Kaczmarek, Maciej"]
[Result "0-1"]
[WhiteElo "1938"]
[BlackElo "2044"]
[Annotator "Daniel"]
[PlyCount "82"]
[EventDate "2019.??.??"]
[SourceVersionDate "2020.03.16"]
[WhiteTeam "SG Niederkassel 1"]
[BlackTeam "SV Bergneustadt/Derschlag 1"]

1. Nf3 Nf6 2. c4 e6 3. g3 d5 4. d4 dxc4 5. Bg2 Be7 6. O-O O-O 7. Qc2 a6 8. Qxc4
b5 9. Qc2 Bb7 10. Bd2 Be4 11. Qc1 Nbd7 12. Ba5 Bd6 13. Nbd2 Bb7 14. Rd1 Rc8 15.
Qc2 Qe7 16. e4 $11 e5 17. Rac1 c5 18. d5 c4 19. Nh4 g6 20. Nf1 Nc5 21. Bb4
Ncxe4 22. Bxd6 Nxd6 23. Ne3 Nd7 24. Nf3 Nc5 25. Ne1 f5 26. b4 Nd7 27. Nf3 Rfe8
28. a3 e4 29. Nd4 Ne5 30. Rd2 Nd3 31. Rcd1 Qe5 32. Ne2 c3 33. Rxd3 exd3 34.
Rxd3 Nc4 35. Nxc3 Nxa3 36. Qb3 Nc4 37. d6 Bxg2 38. d7 Bb7 39. dxe8=Q+ Qxe8 40.
Ncd5 Qe5 41. Qc3 Nxe3 0-1

[Event "Düsseldorfer SK 2 - SK Sodingen/Castro"]
[Site "NRW-Liga - Gruppe 1 2019/2020"]
[Date "2019.12.15"]
[Round "4.1"]
[White "Werrn, Pascal"]
[Black "Harff, Marcel"]
[Result "0-1"]
[WhiteElo "2083"]
[BlackElo "2351"]
[PlyCount "64"]
[EventDate "2019.??.??"]
[SourceVersionDate "2020.03.16"]
[WhiteTeam "SK Sodingen/Castrop 1"]
[BlackTeam "Düsseldorfer SK 2"]

1. Nf3 d5 2. d4 Nf6 3. Bf4 c5 4. e3 Nc6 5. c3 Qb6 6. Qc1 Bf5 7. Nbd2 cxd4 8.
exd4 h6 9. Be2 Rc8 10. O-O e6 11. Ne5 Nxd4 12. cxd4 Rxc1 13. Raxc1 Be7 14. g4
Nxg4 15. Nxg4 Bxg4 16. Rc8+ Kd7 17. Rxh8 Bxe2 18. Rc1 Bd8 19. Nb3 Bc4 20. Nc5+
Ke7 21. b3 Bb5 22. Rh7 e5 23. Bg3 Qg6 24. Rh8 Bb6 25. Rb8 Bc6 26. Nxb7 h5 27.
Rxc6 Qxc6 28. Bxe5 Qg6+ 29. Kf1 f6 30. Bd6+ Kd7 31. Bf8 Qd3+ 32. Kg2 Qxd4 0-1

[Event "Düsseldorfer SK 2 - SK Sodingen/Castro"]
[Site "NRW-Liga - Gruppe 1 2019/2020"]
[Date "2019.12.15"]
[Round "4.2"]
[White "Hainke, Guntram"]
[Black "Boehnke, Martin"]
[Result "0-1"]
[WhiteElo "2313"]
[BlackElo "2139"]
[PlyCount "78"]
[EventDate "2019.??.??"]
[SourceVersionDate "2020.03.16"]
[WhiteTeam "Düsseldorfer SK 2"]
[BlackTeam "SK Sodingen/Castrop 1"]

1. d4 d5 2. c4 c6 3. Nf3 Nf6 4. e3 Bf5 5. Nc3 a6 6. Qb3 Ra7 7. Bd2 e6 8. c5 Ne4
9. Nxe4 Bxe4 10. Bd3 Nd7 11. O-O Bxc5 12. dxc5 Nxc5 13. Qc3 Nxd3 14. Qxg7 Rf8
15. Ng5 Qd7 16. Nxh7 Bxh7 17. Qxh7 f5 18. Qh5+ Qf7 19. Qe2 Ne5 20. Bc3 Ng6 21.
f4 Ra8 22. b4 Kd7 23. a4 Rfe8 24. b5 axb5 25. axb5 c5 26. b6 Rxa1 27. Qb5+ Kd6
28. Rxa1 Rc8 29. Ra7 e5 30. Qa4 exf4 31. exf4 d4 32. Bd2 Qd5 33. Qd1 Nh4 34.
Qe2 Re8 35. Qf2 Nxg2 36. Ra3 Ne3 37. Bxe3 Rg8+ 38. Kf1 Qh1+ 39. Ke2 Rg2 0-1

[Event "Düsseldorfer SK 2 - SK Sodingen/Castro"]
[Site "NRW-Liga - Gruppe 1 2019/2020"]
[Date "2019.12.15"]
[Round "4.3"]
[White "Waldschmidt, Georg"]
[Black "Borngaesser, Rene"]
[Result "0-1"]
[WhiteElo "2151"]
[BlackElo "2279"]
[PlyCount "66"]
[EventDate "2019.??.??"]
[SourceVersionDate "2020.03.16"]
[WhiteTeam "SK Sodingen/Castrop 1"]
[BlackTeam "Düsseldorfer SK 2"]

1. e4 e6 2. d4 d5 3. e5 c5 4. c3 Nc6 5. Nf3 Qb6 6. a3 c4 7. Nbd2 f6 8. Be2 fxe5
9. Nxe5 Nxe5 10. dxe5 Bc5 11. O-O Ne7 12. b4 cxb3 13. Nxb3 O-O 14. Nxc5 Qxc5
15. Qd3 Bd7 16. a4 Qc7 17. Ba3 Rf7 18. Bd6 Qc8 19. a5 a6 20. Qb1 Nf5 21. Ba3
Qc7 22. Re1 Bc6 23. Bc5 Qxe5 24. Bh5 Qxc3 25. Bxf7+ Kxf7 26. Qb6 Rc8 27. Rac1
Qf6 28. f4 Qg6 29. Bf2 Nd6 30. f5 exf5 31. Rxc6 Rxc6 32. Qd8 Ne4 33. Qd7+ Kf8
0-1

[Event "Düsseldorfer SK 2 - SK Sodingen/Castro"]
[Site "NRW-Liga - Gruppe 1 2019/2020"]
[Date "2019.12.15"]
[Round "4.4"]
[White "Reinke, Markus"]
[Black "Banik, Thorsten"]
[Result "1/2-1/2"]
[WhiteElo "2225"]
[BlackElo "2112"]
[Annotator "Daniel"]
[PlyCount "82"]
[EventDate "2019.??.??"]
[SourceVersionDate "2020.03.16"]
[WhiteTeam "Düsseldorfer SK 2"]
[BlackTeam "SK Sodingen/Castrop 1"]

1. e4 c5 2. Nc3 e6 3. f4 Nc6 4. Nf3 a6 5. g3 d5 6. d3 Be7 7. Bg2 Nf6 8. e5 Nd7
9. O-O b6 10. Ne2 Bb7 11. c3 Qc7 12. d4 g6 13. Be3 O-O-O 14. dxc5 bxc5 15. b4
d4 16. cxd4 cxb4 17. d5 exd5 18. e6 Nb6 $11 19. exf7 Nc4 20. Bf2 Bf6 21. Rc1
Qxf7 22. Ne5 Qc7 23. Nd4 Nxd4 24. Qxd4 Bxe5 25. Bh3+ Rd7 26. fxe5 Re8 27. Rfd1
Bc6 28. Qc5 Rxe5 29. Qf8+ Qd8 30. Qxb4 Qe7 31. Rxc4 dxc4 32. Qxc4 Kb7 33. Bxd7
Bxd7 34. Qd4 Kc8 35. Qb6 Qa3 36. Rb1 Rb5 37. Rxb5 Qc1+ 38. Kg2 Qc6+ 39. Kg1
Qc1+ 40. Kg2 Qc6+ 41. Qxc6+ Bxc6+ 1/2-1/2

[Event "Düsseldorfer SK 2 - SK Sodingen/Castro"]
[Site "NRW-Liga - Gruppe 1 2019/2020"]
[Date "2019.12.15"]
[Round "4.5"]
[White "Hille, Ralph Ingo"]
[Black "von Buenau, Heinrich"]
[Result "0-1"]
[WhiteElo "2020"]
[BlackElo "2154"]
[Annotator "Daniel"]
[PlyCount "92"]
[EventDate "2019.??.??"]
[SourceVersionDate "2020.03.16"]
[WhiteTeam "SK Sodingen/Castrop 1"]
[BlackTeam "Düsseldorfer SK 2"]

1. b3 e5 2. Bb2 d6 3. e3 c5 4. d4 Qe7 5. dxc5 dxc5 6. Bc4 Nc6 7. Nc3 Nf6 8. Qe2
a6 9. O-O-O Be6 10. Kb1 g6 11. Nf3 Bg7 12. Nd5 Nxd5 13. Bxd5 Bxd5 14. Rxd5 O-O
15. Rhd1 e4 16. Ne1 Bxb2 17. Kxb2 Rad8 18. Rxd8 $11 Rxd8 19. Rxd8+ Qxd8 20. f4
b5 21. a3 Qf6+ 22. c3 Qd6 23. Kc2 Na5 24. Kb2 Qd5 25. Qc2 f5 26. h3 h5 27. g3
Kf7 28. Ng2 c4 29. b4 Nb3 30. Ne1 Kf6 31. h4 Ke7 32. Qe2 Kd6 33. Kc2 Qd3+ 34.
Qxd3+ exd3+ 35. Nxd3 Na1+ 36. Kd2 cxd3 37. Kxd3 Kd5 38. a4 bxa4 39. c4+ Kc6 40.
Kc3 Nb3 41. e4 fxe4 42. g4 e3 43. Kd3 a3 44. f5 gxf5 45. gxf5 a2 46. f6 a1=Q
0-1

[Event "Düsseldorfer SK 2 - SK Sodingen/Castro"]
[Site "NRW-Liga - Gruppe 1 2019/2020"]
[Date "2019.12.15"]
[Round "4.6"]
[White "Berndt, Axel"]
[Black "Mueller, Frank"]
[Result "1/2-1/2"]
[WhiteElo "2065"]
[BlackElo "2024"]
[PlyCount "165"]
[EventDate "2019.??.??"]
[SourceVersionDate "2020.03.16"]
[WhiteTeam "Düsseldorfer SK 2"]
[BlackTeam "SK Sodingen/Castrop 1"]

1. e4 c5 2. c3 Nf6 3. e5 Nd5 4. d4 cxd4 5. Nf3 e6 6. cxd4 d6 7. Nc3 Nxc3 8.
bxc3 Nc6 9. exd6 Qxd6 10. Bd3 Be7 11. O-O O-O 12. Re1 Rd8 13. Ng5 h6 14. Ne4
Qd7 15. Bb2 e5 16. Ng3 exd4 17. cxd4 Bf6 18. Bb5 Qd5 19. Bxc6 bxc6 20. Nh5 Be6
21. Nxf6+ gxf6 22. Qc1 Kh7 23. Re3 Rg8 24. Rg3 Rab8 25. Qd2 c5 26. Rd1 Rxg3 27.
hxg3 Qxa2 28. Qd3+ Kg7 29. Bc1 cxd4 30. Qxd4 Qc2 31. Re1 Rb6 32. Qf4 Qg6 33.
Qc7 Bd5 34. Qd8 Re6 35. Be3 Bc6 36. Qc7 Qf5 37. Qxa7 Qd5 38. f3 Re8 39. Qc7 Re5
40. Qb6 Qe6 41. Qd4 Qf5 42. g4 Qg6 43. Rc1 Bb5 44. Kf2 Qd3 45. Qxd3 Bxd3 46.
Rh1 Rb5 47. Bxh6+ Kg6 48. Be3 Rb1 49. Rh8 Rb2+ 50. Kg3 Bf1 51. Bf2 f5 52. gxf5+
Kxf5 53. Rc8 Ra2 54. Rc1 Bd3 55. Rc7 Kg6 56. Rc6+ f6 57. Bd4 Ra6 58. Rc3 Bb1
59. Kf4 Rd6 60. Be3 f5 61. Rb3 Ba2 62. Rb2 Bf7 63. Rb5 Be6 64. Ke5 Ra6 65. Bd4
Bf7 66. Bc3 Re6+ 67. Kf4 Rc6 68. Bb2 Be6 69. Bd4 Ra6 70. Rb7 Bf7 71. Rd7 Rc6
72. Ra7 Rd6 73. Be5 Rc6 74. Bd4 Rd6 75. Ba1 Rc6 76. Rxf7 Kxf7 77. Kxf5 Ra6 78.
Be5 Ra5 79. g4 Ra6 80. f4 Ra4 81. Bc3 Rc4 82. Be5 Ra4 83. Bc3 1/2-1/2

[Event "Düsseldorfer SK 2 - SK Sodingen/Castro"]
[Site "NRW-Liga - Gruppe 1 2019/2020"]
[Date "2019.12.15"]
[Round "4.7"]
[White "Rohovoy, Dmitrij"]
[Black "Kesseler, Heiko"]
[Result "1-0"]
[WhiteElo "1971"]
[BlackElo "2044"]
[PlyCount "99"]
[EventDate "2019.??.??"]
[SourceVersionDate "2020.03.16"]
[WhiteTeam "SK Sodingen/Castrop 1"]
[BlackTeam "Düsseldorfer SK 2"]

1. d4 Nf6 2. c4 e6 3. Nc3 Bb4 4. Nf3 O-O 5. Bg5 h6 6. Bh4 c5 7. e3 cxd4 8. exd4
d5 9. Qb3 Nc6 10. c5 e5 11. dxe5 g5 12. exf6 Re8+ 13. Be2 gxh4 14. O-O Bxc3 15.
Qxc3 Rxe2 16. Nxh4 Re4 17. f4 Kh8 18. Rae1 d4 19. Qg3 Qxf6 20. Rxe4 Be6 21.
Rfe1 Rg8 22. Qf2 Kh7 23. a3 d3 24. Nf3 Rd8 25. Qd2 Bf5 26. R4e3 Rd5 27. b4 Rd7
28. Ne5 Rd8 29. Nxc6 Qxc6 30. Re5 Qf6 31. b5 Rd4 32. Rc1 Bd7 33. Rf1 Bxb5 34.
Qe3 Rd8 35. Qe4+ Kh8 36. Rd1 Bc6 37. Qe3 Qg6 38. g3 Qg4 39. Rxd3 Rg8 40. Rd6
Qh3 41. Qe2 Rxg3+ 42. hxg3 Qxg3+ 43. Kf1 Qxf4+ 44. Ke1 Qc1+ 45. Rd1 Qc3+ 46.
Kf2 Qh3 47. Re8+ Kh7 48. Qc2+ f5 49. Re7+ Kg6 50. Rd6+ 1-0

[Event "Düsseldorfer SK 2 - SK Sodingen/Castro"]
[Site "NRW-Liga - Gruppe 1 2019/2020"]
[Date "2019.12.15"]
[Round "4.8"]
[White "Piekorz, Roland"]
[Black "Ribbeheger, Edgar"]
[Result "1-0"]
[WhiteElo "1919"]
[BlackElo "2014"]
[PlyCount "59"]
[EventDate "2019.??.??"]
[SourceVersionDate "2020.03.16"]
[WhiteTeam "Düsseldorfer SK 2"]
[BlackTeam "SK Sodingen/Castrop 1"]

1. c4 c6 2. g3 d6 3. Bg2 e5 4. d4 Qc7 5. Nc3 Be7 6. Nf3 Nf6 7. O-O h6 8. e4 Bg4
9. h3 Bxf3 10. Bxf3 Nbd7 11. Be3 O-O 12. Bg2 Rad8 13. Qd2 Rfe8 14. Rad1 Bf8 15.
f4 Qb8 16. fxe5 dxe5 17. d5 cxd5 18. cxd5 Nb6 19. Qf2 Nc4 20. Bc1 b6 21. Kh2
Be7 22. b3 Nd6 23. Qe2 b5 24. Bb2 b4 25. Na4 Nb5 26. Rc1 Rc8 27. Qd3 Bd6 28.
Rc4 Nd4 29. Rfc1 Qb5 30. Rxd4 1-0

[Event "SC Rochade Emsdetten 1 - SV Erkenschwic"]
[Site "NRW-Liga - Gruppe 1 2019/2020"]
[Date "2019.12.15"]
[Round "4.1"]
[White "Jens, Jelmer"]
[Black "Kabatianski, Alexander"]
[Result "1/2-1/2"]
[WhiteElo "2396"]
[BlackElo "2308"]
[Annotator "Daniel"]
[PlyCount "67"]
[EventDate "2019.??.??"]
[SourceVersionDate "2020.03.16"]
[WhiteTeam "SV Erkenschwick 1"]
[BlackTeam "SC Rochade Emsdetten 1"]

1. e4 e6 2. d4 d5 3. Nc3 Bb4 4. a3 Bxc3+ 5. bxc3 dxe4 6. Qg4 Nf6 7. Qxg7 Rg8 8.
Qh6 Bd7 9. Rb1 Bc6 10. Ne2 Qe7 11. Ng3 Nbd7 12. Be2 O-O-O 13. O-O Ng4 14. Qf4
f5 15. c4 Rdf8 16. d5 Ba4 17. dxe6 Qxe6 18. f3 Nge5 19. fxe4 Ng6 20. exf5 Qxe2
21. Nxe2 Nxf4 22. Rxf4 Bxc2 23. Rb5 c6 24. Ra5 Kb8 25. Nd4 b6 26. Nxc6+ Kb7 27.
Nd4 bxa5 28. Nxc2 Nf6 29. Bb2 h5 30. Ne3 Kc6 31. h3 Rf7 32. g4 hxg4 33. hxg4
Nh7 34. f6 {Rest nicht lesbar! Remis nach 100 Zügen!} 1/2-1/2

[Event "SC Rochade Emsdetten 1 - SV Erkenschwic"]
[Site "NRW-Liga - Gruppe 1 2019/2020"]
[Date "2019.12.15"]
[Round "4.2"]
[White "Lehmann, Holger"]
[Black "Erwich, Frank"]
[Result "0-1"]
[WhiteElo "2170"]
[BlackElo "2365"]
[Annotator "Daniel"]
[PlyCount "94"]
[EventDate "2019.??.??"]
[SourceVersionDate "2020.03.16"]
[WhiteTeam "SC Rochade Emsdetten 1"]
[BlackTeam "SV Erkenschwick 1"]

1. d4 Nf6 2. c4 e6 3. Nc3 Bb4 4. f3 c5 5. d5 O-O 6. e4 exd5 7. cxd5 Re8 8. Nh3
a6 9. Be3 $11 d6 10. Nf2 b5 11. Be2 Nbd7 12. O-O Bb7 13. Bf4 c4 14. g4 Qe7 15.
Re1 Bc5 16. Kg2 Ne5 17. Qd2 h5 18. h3 hxg4 19. hxg4 Bxf2 20. Kxf2 b4 21. Na4
Nexg4+ 22. Kg2 Ne5 23. Nb6 c3 24. bxc3 bxc3 25. Qxc3 Nh5 26. Qe3 Nxf4+ 27. Qxf4
Rab8 28. Rab1 g5 29. Qh2 Ng6 30. Qh6 Qf6 31. Rh1 Nf4+ 32. Kf2 Qxh6 33. Rxh6
Bxd5 34. Rxd6 Bxa2 35. Rb2 Be6 36. Bxa6 Kg7 37. Rc2 Rh8 38. Rc7 $11 Rh2+ 39.
Ke3 Rb2 40. Rb7 Rb3+ 41. Kd4 Rxb7 42. Bxb7 Rd3+ 43. Kc5 Rxf3 44. Nd5 Bxd5 45.
exd5 g4 46. Ra6 g3 47. d6 g2 0-1

[Event "SC Rochade Emsdetten 1 - SV Erkenschwic"]
[Site "NRW-Liga - Gruppe 1 2019/2020"]
[Date "2019.12.15"]
[Round "4.3"]
[White "Erwich, Marc"]
[Black "Hiller, Simon"]
[Result "1/2-1/2"]
[WhiteElo "2271"]
[BlackElo "2141"]
[Annotator "Daniel"]
[PlyCount "108"]
[EventDate "2019.??.??"]
[SourceVersionDate "2020.03.16"]
[WhiteTeam "SV Erkenschwick 1"]
[BlackTeam "SC Rochade Emsdetten 1"]

1. Nf3 d5 2. d4 Nf6 3. Bg5 Ne4 4. Bf4 c5 5. e3 Qb6 6. Qc1 Nc6 7. c3 Bf5 8. Be2
Rc8 9. O-O e6 10. Nbd2 cxd4 11. exd4 Be7 12. Re1 Nd6 13. Nf1 O-O 14. Ne3 Be4
15. Qd2 Bg6 16. Bd1 Rfd8 17. Ne5 Nxe5 18. Bxe5 Qa6 19. Bxd6 Qxd6 20. Ng4 b5 21.
a3 Rc7 22. Be2 Qb6 23. Ne5 Rdc8 24. Bd3 a5 25. Bxg6 hxg6 26. Rec1 b4 27. cxb4
axb4 28. Rxc7 Rxc7 29. axb4 Qxb4 30. Qxb4 Bxb4 31. g3 Rb7 32. Ra8+ Kh7 33. Rd8
Ba5 $11 34. Rd7 Rxb2 35. Nxf7 Bd2 36. h4 g5 37. h5 Be1 38. Nxg5+ Kh6 39. Nh3
Bc3 40. Re7 Bxd4 41. Rxe6+ Kxh5 42. Rd6 Rb5 43. Nf4+ Kg4 44. Kg2 Be5 45. Rxd5
Rxd5 46. Nxd5 Kf5 47. Kf3 Bd4 48. Nf4 Bb6 49. g4+ Kg5 50. Nd3 Bc7 51. Nc5 Bb6
52. Ne4+ Kh4 53. Kf4 Bc7+ 54. Kf5 g6+ 1/2-1/2

[Event "SC Rochade Emsdetten 1 - SV Erkenschwic"]
[Site "NRW-Liga - Gruppe 1 2019/2020"]
[Date "2019.12.15"]
[Round "4.4"]
[White "Paalman, Henk-Jan"]
[Black "Van Beek, Alexander"]
[Result "1-0"]
[WhiteElo "2140"]
[BlackElo "2255"]
[PlyCount "37"]
[EventDate "2019.??.??"]
[SourceVersionDate "2020.03.16"]
[WhiteTeam "SC Rochade Emsdetten 1"]
[BlackTeam "SV Erkenschwick 1"]

1. d4 Nf6 2. Nf3 g6 3. Nc3 d5 4. Bf4 Bg7 5. e3 O-O 6. Be2 b6 7. Ne5 Bb7 8. h4
Nfd7 9. h5 Nxe5 10. dxe5 e6 11. hxg6 fxg6 12. Bd3 d4 13. Qg4 dxc3 14. Rxh7 Be4
15. Bxe4 Rxf4 16. Rxg7+ Kxg7 17. Qxg6+ Kf8 18. Qh6+ Ke7 19. Qg5+ 1-0

[Event "SC Rochade Emsdetten 1 - SV Erkenschwic"]
[Site "NRW-Liga - Gruppe 1 2019/2020"]
[Date "2019.12.15"]
[Round "4.5"]
[White "Langers, Alexander"]
[Black "Mueller, Achim"]
[Result "1-0"]
[WhiteElo "2217"]
[BlackElo "2004"]
[PlyCount "63"]
[EventDate "2019.??.??"]
[SourceVersionDate "2020.03.16"]
[WhiteTeam "SV Erkenschwick 1"]
[BlackTeam "SC Rochade Emsdetten 1"]

1. e4 c6 2. d4 d5 3. f3 dxe4 4. fxe4 e5 5. Nf3 Bg4 6. Bc4 Bxf3 7. Qxf3 Qh4+ 8.
g3 Qf6 9. Qg4 Nd7 10. Rf1 Qd6 11. Bxf7+ Kd8 12. Bg5+ Ngf6 13. Nd2 Kc7 14. Qe2
Qxd4 15. O-O-O Bc5 16. Nb3 Qb4 17. a3 Qb6 18. Rf3 a5 19. Rfd3 Rhd8 20. Qd2 Be7
21. Qc3 a4 22. Be3 Qa6 23. Nc5 Bxc5 24. Bxc5 Qa5 25. Bb4 Qb5 26. Bc4 Qb6 27.
Bd6+ Kc8 28. Qe1 Qa5 29. Bb4 Qc7 30. Be6 c5 31. Bxc5 b6 32. Bd6 1-0

[Event "SC Rochade Emsdetten 1 - SV Erkenschwic"]
[Site "NRW-Liga - Gruppe 1 2019/2020"]
[Date "2019.12.15"]
[Round "4.6"]
[White "Lemli, Thomas"]
[Black "Krings, Christoph"]
[Result "1/2-1/2"]
[WhiteElo "1966"]
[BlackElo "2162"]
[PlyCount "107"]
[EventDate "2019.??.??"]
[SourceVersionDate "2020.03.16"]
[WhiteTeam "SC Rochade Emsdetten 1"]
[BlackTeam "SV Erkenschwick 1"]

1. b3 c5 2. Bb2 Nc6 3. Nf3 d5 4. e3 Nf6 5. Bb5 Qb6 6. a4 Bd7 7. O-O e6 8. d3 a6
9. Bxc6 Bxc6 10. Nbd2 Be7 11. Ne5 O-O 12. f4 Qc7 13. a5 Ne8 14. Qg4 Qd6 15. e4
f6 16. Nxc6 Qxc6 17. f5 e5 18. exd5 Qxd5 19. Nc4 Nc7 20. Nb6 Qc6 21. Nxa8 Rxa8
22. Qe4 Nd5 23. Bc1 Rd8 24. Bd2 Qc8 25. Rf3 Nb4 26. c3 Nd5 27. Rh3 Bf8 28. Rf1
Qc7 29. Qh4 h6 30. Qg4 Kh8 31. Rg3 Bd6 32. Qg6 Nf4 33. Qg4 Rd7 34. Re1 Rd8 35.
Re4 Rg8 36. c4 Qd8 37. Rf3 Bc7 38. Qg3 Bxa5 39. Bxf4 exf4 40. Qxf4 Bc3 41. Re6
Qa5 42. Rf1 Bd4+ 43. Kh1 Qc3 44. Qe4 Qxb3 45. Re8 a5 46. Qe6 Rxe8 47. Qxe8+ Kh7
48. Qg6+ Kh8 49. Re1 Be5 50. Qe8+ Kh7 51. Qg6+ Kh8 52. Qe8+ Kh7 53. Qg6+ Kh8
54. Qe8+ 1/2-1/2

[Event "SC Rochade Emsdetten 1 - SV Erkenschwic"]
[Site "NRW-Liga - Gruppe 1 2019/2020"]
[Date "2019.12.15"]
[Round "4.7"]
[White "Homs, Guust"]
[Black "Bilecen, Simon"]
[Result "1-0"]
[WhiteElo "2148"]
[BlackElo "1745"]
[Annotator "Daniel"]
[PlyCount "89"]
[EventDate "2019.??.??"]
[SourceVersionDate "2020.03.16"]
[WhiteTeam "SV Erkenschwick 1"]
[BlackTeam "SC Rochade Emsdetten 1"]

1. e4 c6 2. d4 d5 3. exd5 cxd5 4. Bd3 Nc6 5. c3 Nf6 6. Bf4 e6 7. Nf3 Be7 8. h3
O-O 9. Nbd2 Bd7 10. O-O Nh5 11. Bh2 g6 12. Re1 Rc8 13. b4 a5 14. a3 Na7 15. Qb3
Nb5 16. Rac1 Qb6 17. a4 Nd6 18. b5 Ng7 19. Ne5 Rfd8 20. Qb2 f6 21. Nxd7 Rxd7
22. Rc2 Nc4 23. Nxc4 dxc4 24. Be4 Bd6 25. Bxd6 Qxd6 $11 26. Rce2 Qb6 27. Qa3
Rcc7 28. Bf3 Kf7 29. Bg4 h5 30. Bxe6+ Nxe6 31. Rxe6 Qxe6 32. Rxe6 Kxe6 33. Qf8
b6 34. Qb8 Rb7 35. Qg8+ Kf5 36. Qxc4 Kg5 37. Qd3 Kh6 38. c4 Kg7 39. Qc3 Rbc7
40. c5 bxc5 41. dxc5 Rd1+ 42. Kh2 Re7 43. c6 Ree1 44. c7 h4 45. Qxe1 1-0

[Event "SC Rochade Emsdetten 1 - SV Erkenschwic"]
[Site "NRW-Liga - Gruppe 1 2019/2020"]
[Date "2019.12.15"]
[Round "4.8"]
[White "Schelwokat, Peter"]
[Black "Strozewski, Frank"]
[Result "1/2-1/2"]
[WhiteElo "1860"]
[BlackElo "2009"]
[PlyCount "40"]
[EventDate "2019.??.??"]
[SourceVersionDate "2020.03.16"]
[WhiteTeam "SC Rochade Emsdetten 1"]
[BlackTeam "SV Erkenschwick 1"]

1. e4 d6 2. d4 g6 3. Nc3 Bg7 4. Nf3 Nc6 5. Be3 Bg4 6. Be2 e5 7. dxe5 Bxf3 8.
Bxf3 Nxe5 9. Be2 Ne7 10. Nd5 O-O 11. c3 h6 12. Qb3 Nxd5 13. Qxd5 Qc8 14. h3 Kh7
15. O-O-O f5 16. f4 Nc6 17. exf5 Qxf5 18. Qxf5 Rxf5 19. g4 Rf7 20. Bf3 Re8
1/2-1/2

[Event "Godesberger SK 1 - Herforder SV Königs"]
[Site "NRW-Liga - Gruppe 1 2019/2020"]
[Date "2019.12.15"]
[Round "4.1"]
[White "Nordsieck, Thomas"]
[Black "Teclaf, Pawel"]
[Result "0-1"]
[WhiteElo "2264"]
[BlackElo "2421"]
[PlyCount "62"]
[EventDate "2019.??.??"]
[SourceVersionDate "2020.03.16"]
[WhiteTeam "Herforder SV Königsspringer 1"]
[BlackTeam "Godesberger SK 1"]

1. e4 e6 2. d4 d5 3. exd5 exd5 4. Nf3 Bd6 5. c4 Nf6 6. Be2 dxc4 7. O-O Be6 8.
Nbd2 Nc6 9. Nxc4 Be7 10. b3 Nd5 11. Bb2 Nf4 12. Re1 Nxe2+ 13. Qxe2 O-O 14. Rad1
Bb4 15. Rf1 Re8 16. Nfe5 Ne7 17. f4 Bd5 18. Qg4 f6 19. Nd3 Bd6 20. Nc5 f5 21.
Qg5 Ng6 22. Qxf5 Bxg2 23. Ne6 Qd7 24. d5 Bc5+ 25. Bd4 Bxd4+ 26. Rxd4 Bxf1 27.
Kxf1 Rad8 28. Rd2 b5 29. Qg5 bxc4 30. Nxd8 c3 31. Rc2 Qh3+ 0-1